000 01288cam a2200265 4500
001 ABS68731
008 050209n2005 000 0 eng u
035 _a(Sirsi) u128743
100 _aCraig, J.
245 _aFunding regeneration
260 _c2005
490 _aRICS Business
_vFebruary 2005, 20-22(3)
520 _aDirects surveyors' attention to the European Investment Bank (EIB) as a possible source of funding for urban development projects. Looks at the areas of activity supported by the EIB, its appraisal criteria and financing levels. Describes a representative range of projects and schemes funded by the EIB and gives sources of further information about the EIB's activities. View this article at www.rics.org.
590 _aABS
590 _aABS
650 _aURBAN RENEWAL
650 _aURBAN DEVELOPMENT
650 _aEUROPEAN INVESTMENT BANK
650 _aPROJECT FINANCE
690 _aFINANCE
700 _aGilbertson, C.
856 _aŒuhttp://www.rics.org/RICSservices/RICSjournalsandmagazines/RICSBusiness/funding_regen160205.htmŒzView the article on the RICS website...
856 _aŒuhttp://www.rics.org/RICSservices/RICSjournalsandmagazines/RICSBusiness/funding_regen160205.htmŒzView the article on the RICS website...
942 _n0
999 _c118497
_d118497